Экономическая оценка инвестиций. Практикум: учебно-методическое пособие

Dettagli Bibliografici
Autore principale: Антошкина А. В. Анна Владимировна
Ente Autore: Национальный исследовательский Томский политехнический университет (ТПУ)
Altri autori: Вершкова Е. М. Елена Михайловна
Riassunto:В пособии изложены основные методические положения, необходимые для успешного решения практических задач по экономической оценке инвестиций. Содержит теоретические аспекты, контрольные вопросы, задачи и контрольные задания для индивидуального выполнения, необходимые для закрепления студентами теоретических знаний. Предназначено для студентов, обучающихся по направлению 080500 «Экономика и управление на предприятии (по отраслям)», а также может быть использовано студентами экономических специальностей и преподавателями высших и среднеспециальных учебных заведений.
Lingua:russo
Pubblicazione: Томск, Изд-во ТПУ, 2012
Soggetti:
Natura: Libro
KOHA link:https://koha.lib.tpu.ru/cgi-bin/koha/opac-detail.pl?biblionumber=235950

MARC

LEADER 00000nam0a2200000 4500
001 235950
005 20231226133138.0
035 |a (RuTPU)RU\TPU\book\257094 
090 |a 235950 
100 |a 20130418d2012 m y0rusy50 ca 
101 0 |a rus 
102 |a RU 
105 |a y j 001zy 
200 1 |a Экономическая оценка инвестиций. Практикум  |e учебно-методическое пособие  |f А. В. Антошкина, Е. М. Вершкова  |g Национальный исследовательский Томский политехнический университет (ТПУ) 
210 |a Томск  |c Изд-во ТПУ  |d 2012 
215 |a 78 с. 
320 |a Библиогр.: с. 76-77. 
330 |a В пособии изложены основные методические положения, необходимые для успешного решения практических задач по экономической оценке инвестиций. Содержит теоретические аспекты, контрольные вопросы, задачи и контрольные задания для индивидуального выполнения, необходимые для закрепления студентами теоретических знаний. Предназначено для студентов, обучающихся по направлению 080500 «Экономика и управление на предприятии (по отраслям)», а также может быть использовано студентами экономических специальностей и преподавателями высших и среднеспециальных учебных заведений. 
452 1 |0 (RuTPU)RU\TPU\book\256273  |t Экономическая оценка инвестиций  |o практикум  |o учебно-методическое пособие  |f А. В. Антошкина, Е. М. Вершкова  |g Национальный исследовательский Томский политехнический университет (ТПУ), Институт природных ресурсов (ИПР), Кафедра экономики природных ресурсов (ЭПР)  |c Томск  |n Изд-во ТПУ  |d 2012  |a Антошкина, Анна Владимировна 
606 1 |a Инвестиции  |2 stltpush  |3 (RuTPU)RU\TPU\subj\36163  |9 57637 
610 1 |a инвестиционные проекты 
610 1 |a инвестиционные ресурсы 
610 1 |a экономическая оценка 
610 1 |a инвестиционные риски 
610 1 |a финансовая устойчивость 
610 1 |a кейсы 
610 1 |a практикумы 
610 1 |a труды учёных ТПУ 
610 1 |a учебные пособия 
686 |a У9(2)0-56я73  |2 rubbk 
700 1 |a Антошкина  |b А. В.  |c экономист  |c доцент Томского политехнического университета, кандидат экономических наук  |f 1976-  |g Анна Владимировна  |3 (RuTPU)RU\TPU\pers\26224 
701 1 |a Вершкова  |b Е. М.  |c специалист в области нефтегазового дела  |c старший преподаватель Томского политехнического университета  |f 1981-  |g Елена Михайловна  |3 (RuTPU)RU\TPU\pers\27710  |9 12784 
712 0 2 |a Национальный исследовательский Томский политехнический университет (ТПУ)  |c (2009- )  |3 (RuTPU)RU\TPU\col\15902 
801 1 |a RU  |b 63413507  |c 20130418 
801 2 |a RU  |b 63413507  |c 20160425  |g RCR 
942 |c BK